The Digital Matrix (Record no. 344857)

MARC details
000 -LEADER
fixed length control field 00516nam a2200169Ia 4500
008 - FIXED-LENGTH DATA ELEMENTS--GENERAL INFORMATION
fixed length control field 230718s9999 xx 000 0 und d
020 ## - INTERNATIONAL STANDARD BOOK NUMBER
International Standard Book Number 9780670089949
041 ## - LANGUAGE CODE
Language code of text/sound track or separate title eng
082 ## - DEWEY DECIMAL CLASSIFICATION NUMBER
Classification number 658.82
Item number VEN
100 ## - MAIN ENTRY--PERSONAL NAME
Personal name Venkatraman V.
9 (RLIN) 200130
245 ## - TITLE STATEMENT
Title The Digital Matrix
Remainder of title New Rules For Business Transformation Through Technology
260 ## - PUBLICATION, DISTRIBUTION, ETC. (IMPRINT)
Date of publication, distribution, etc. 2017
Name of publisher, distributor, etc. Portfolio /Penguin
300 ## - PHYSICAL DESCRIPTION
Extent 278
365 ## - TRADE PRICE
Currency code Rs.
Price amount 699.00
700 ## - ADDED ENTRY--PERSONAL NAME
Personal name Venkatraman V.
9 (RLIN) 200130
906 ## - LOCAL DATA ELEMENT F, LDF (RLIN)
d O:0557901-Jul-2017B:325929-May-2017
c MGMT
b 153.78
Holdings
Withdrawn status Lost status Damaged status Not for loan Home library Current library Date acquired Vendor Budget Code Cost, normal purchase price Bill number Total Checkouts Full call number Barcode Date last seen Discount Cost, replacement price Bill Date Koha item type Original Barcode
        Cummins College of Engineering for Women Pune Cummins College of Engineering for Women Pune 01/07/2017 Technical Book Services MGMT 545.22 3259   658.82 CCEP-BK-56064 18/07/2023 153.78 699.00 29/05/2017 Books 056064